Combined effect of zeolite and boric acid on thermal behavior of epoxy composites; Journal of Thermal Analysis and Calorimetry; Vol. 128, iss. 1

Λεπτομέρειες βιβλιογραφικής εγγραφής
Parent link:Journal of Thermal Analysis and Calorimetry
Vol. 128, iss. 1.— 2017.— [P. 11-13]
Κύριος συγγραφέας: Nazarenko O. B. Olga Bronislavovna
Συγγραφή απο Οργανισμό/Αρχή: Национальный исследовательский Томский политехнический университет (ТПУ) Институт неразрушающего контроля (ИНК) Кафедра экологии и безопасности жизнедеятельности (ЭБЖ)
Άλλοι συγγραφείς: Melnikova T. V. Tatjyana Vyacheslavovna, Putkhenpurakalchira M. V. Maniyan Visakkh
Περίληψη:Title screen
The particles of natural zeolite in combination with boric acid were incorporated into the epoxy resin ED-20 in order to improve the thermal stability of epoxy polymer. Epoxy resin was cured using polyethylenepolyamine. Characterization of the epoxy composites was carried out by using Fourier transform infrared spectrometry, thermogravimetric analysis (TG) and differential scanning calorimetry (DSC) under flow of air and argon. The thermal behavior of the zeolite/boric acid-based epoxy composites (total percentage 15 mass%) were compared with that of 15 mass% boric acid-based epoxy system and the neat epoxy resin. TG and DSC results revealed that the combination of 5 mass% zeolite and 10 mass% boric acid significantly increased the mid-point temperature and residue, and decreased the maximum decomposition rate of the epoxy composites at the heating.
Режим доступа: по договору с организацией-держателем ресурса
Γλώσσα:Αγγλικά
Έκδοση: 2017
Θέματα:
Διαθέσιμο Online:http://dx.doi.org/10.1007/s10973-016-5901-0
Μορφή: Ηλεκτρονική πηγή Κεφάλαιο βιβλίου
KOHA link:https://koha.lib.tpu.ru/cgi-bin/koha/opac-detail.pl?biblionumber=654703

MARC

LEADER 00000naa0a2200000 4500
001 654703
005 20250312163948.0
035 |a (RuTPU)RU\TPU\network\20363 
035 |a RU\TPU\network\14429 
090 |a 654703 
100 |a 20170515d2017 k||y0rusy50 ba 
101 0 |a eng 
102 |a NL 
135 |a drcn ---uucaa 
181 0 |a i  
182 0 |a b 
200 1 |a Combined effect of zeolite and boric acid on thermal behavior of epoxy composites  |f O. B. Nazarenko, T. V. Melnikova, M. V. Putkhenpurakalchira 
203 |a Text  |c electronic 
300 |a Title screen 
320 |a [References: p. 174-175 (50 tit.)] 
330 |a The particles of natural zeolite in combination with boric acid were incorporated into the epoxy resin ED-20 in order to improve the thermal stability of epoxy polymer. Epoxy resin was cured using polyethylenepolyamine. Characterization of the epoxy composites was carried out by using Fourier transform infrared spectrometry, thermogravimetric analysis (TG) and differential scanning calorimetry (DSC) under flow of air and argon. The thermal behavior of the zeolite/boric acid-based epoxy composites (total percentage 15 mass%) were compared with that of 15 mass% boric acid-based epoxy system and the neat epoxy resin. TG and DSC results revealed that the combination of 5 mass% zeolite and 10 mass% boric acid significantly increased the mid-point temperature and residue, and decreased the maximum decomposition rate of the epoxy composites at the heating. 
333 |a Режим доступа: по договору с организацией-держателем ресурса 
461 |t Journal of Thermal Analysis and Calorimetry 
463 |t Vol. 128, iss. 1  |v [P. 11-13]  |d 2017 
610 1 |a электронный ресурс 
610 1 |a труды учёных ТПУ 
610 1 |a эпоксидные смолы 
610 1 |a наполнители 
610 1 |a цеолиты 
610 1 |a борная кислота 
610 1 |a термическая стабильность 
610 1 |a epoxy resin 
610 1 |a filler 
610 1 |a zeolite 
610 1 |a boric acid 
610 1 |a thermal stability 
700 1 |a Nazarenko  |b O. B.  |c Specialist in the field of ecology and life safety  |c Professor of Tomsk Polytechnic University, Doctor of technical sciences  |f 1963-  |g Olga Bronislavovna  |3 (RuTPU)RU\TPU\pers\31918  |9 15988 
701 1 |a Melnikova  |b T. V.  |g Tatjyana Vyacheslavovna 
701 1 |a Putkhenpurakalchira  |b M. V.  |c specialist in the field of ecology and life safety from India  |c Associate Scientist of Tomsk Polytechnic University  |f 1984-  |g Maniyan Visakkh  |3 (RuTPU)RU\TPU\pers\36797 
712 0 2 |a Национальный исследовательский Томский политехнический университет (ТПУ)  |b Институт неразрушающего контроля (ИНК)  |b Кафедра экологии и безопасности жизнедеятельности (ЭБЖ)  |3 (RuTPU)RU\TPU\col\18720 
801 2 |a RU  |b 63413507  |c 20170515  |g RCR 
856 4 |u http://dx.doi.org/10.1007/s10973-016-5901-0 
942 |c CF